| 000 | 00659nam a2200181Ia 4500 | ||
|---|---|---|---|
| 003 | GCL | ||
| 008 | 140319s9999 xx 000 0 ara d | ||
| 040 |
_aGCL / _cGCL |
||
| 082 | 0 | 4 |
_a810.92 _bق م |
| 100 | 1 | _aالقرطاجى : ابوالحسن حازم بن محمد بن حسن بن خلف | |
| 245 | 1 | 0 |
_aمنهاج البلغاء وسراج الادباء / _cالقرطاجى : ابوالحسن حازم بن محمد بن حسن بن خلف |
| 700 | 1 | _aمحمد الحبيب بن الخوجة | |
| 300 | _a468 ص | ||
| 490 | _a | ||
| 650 | 0 | 4 | _aالرسائل الجامعية |
| 650 | 0 | 4 | _aالادباء العرب - تراجم |
| 942 |
_2ddc _cBK |
||
| 999 |
_c39192 _d39192 |
||